Nommé.e.s au César de la meilleure réalisation - Statistiques

Statistiques générales
  • Ce quiz a été pris 91 fois
    63 depuis la dernière actualisation
  • Le résultat moyen est 194 sur 264
Statistiques - réponses
Année Film Réalisateur.ice % Correct
2021 Adieu les cons Albert Dupontel
100%
2018 Au revoir là-haut Albert Dupontel
100%
2014 9 mois ferme Albert Dupontel
100%
2011 Le Bruit des glaçons Bertrand Blier
100%
1994 Un, deux, trois, soleil Bertrand Blier
100%
1992 Merci la vie Bertrand Blier
100%
1990 Trop belle pour toi Bertrand Blier
100%
1987 Tenue de soirée Bertrand Blier
100%
2025 L'Amour Ouf Gilles Lellouche
100%
2019 Le Grand Bain Gilles Lellouche
100%
2025 Emilia Pérez Jacques Audiard
100%
2019 Les Frères Sisters Jacques Audiard
100%
2016 Dheepan Jacques Audiard
100%
2013 De rouille et d'os Jacques Audiard
100%
2010 Un prophète Jacques Audiard
100%
2006 De battre mon cœur s'est arrêté Jacques Audiard
100%
2002 Sur mes lèvres Jacques Audiard
100%
1997 Un héros très discret Jacques Audiard
100%
1989 L'Ours Jean-Jacques Annaud
100%
1982 La Guerre du feu Jean-Jacques Annaud
100%
2005 Un long dimanche de fiançailles Jean-Pierre Jeunet
100%
2002 Le Fabuleux Destin d'Amélie Poulain Jean-Pierre Jeunet
100%
2000 Jeanne d'Arc Luc Besson
100%
1998 Le Cinquième Elément Luc Besson
100%
1995 Léon Luc Besson
100%
1991 Nikita Luc Besson
100%
1989 Le Grand Bleu Luc Besson
100%
1986 Subway Luc Besson
100%
2001 Les Rivières Pourpres Mathieu Kassovitz
100%
1996 La Haine Mathieu Kassovitz
100%
2013 Amour Michael Haneke
100%
2006 Caché Michael Haneke
100%
2018 Le Redoutable Michel Hazanavicius
100%
2012 The Artist Michel Hazanavicius
100%
2000 La Fille sur le pont Patrice Leconte
100%
1991 Le Mari de la coiffeuse Patrice Leconte
100%
1990 Monsieur Hire Patrice Leconte
100%
1988 Tandem Patrice Leconte
100%
2020 J'accuse Roman Polanski
100%
2014 La Vénus à la fourrure Roman Polanski
100%
2011 The Ghost Writer Roman Polanski
100%
2003 Le Pianiste Roman Polanski
100%
1980 Tess Roman Polanski
100%
2001 Le Goût des autres Agnès Jaoui
96%
1985 Les Ripoux Claude Zidi
96%
1984 Vivement dimanche ! François Truffaut
96%
1981 Le Dernier Métro François Truffaut
96%
1976 L'Histoire d'Adèle H. François Truffaut
96%
2007 Ne le dis à personne Guillaume Canet
96%
2014 Les Garçons et Guillaume, à table ! Guillaume Gallienne
96%
1983 Passion Jean-Luc Godard
96%
1981 Sauve qui peut (la vie) Jean-Luc Godard
96%
2021 ADN Maïwenn
96%
2016 Mon roi Maïwenn
96%
2012 Polisse Maïwenn
96%
2014 La Vie d'Adèle Abdellatif Kechiche
92%
2008 La Graine et le Mulet Abdellatif Kechiche
92%
2005 L'Esquive Abdellatif Kechiche
92%
2007 Cœurs Alain Resnais
92%
2004 Pas sur la bouche Alain Resnais
92%
1998 On connaît la chanson Alain Resnais
92%
1994 Smoking/No Smoking Alain Resnais
92%
1987 Mélo Alain Resnais
92%
1985 L'Amour à mort Alain Resnais
92%
1981 Mon oncle d'Amérique Alain Resnais
92%
1978 Providence Alain Resnais
92%
2019 Guy Alex Lutz
92%
2008 Les Témoins André Téchiné
92%
1997 Les Voleurs André Téchiné
92%
1995 Les Roseaux sauvages André Téchiné
92%
1994 Ma saison préférée André Téchiné
92%
1992 J'embrasse pas André Téchiné
92%
1988 Les Innocents André Téchiné
92%
1977 Barocco André Téchiné
92%
1993 L.627 Bertrand Tavernier
92%
1990 La Vie et rien d'autre Bertrand Tavernier
92%
1985 Un dimanche à la campagne Bertrand Tavernier
92%
1982 Coup de torchon Bertrand Tavernier
92%
1977 Le Juge et l'Assassin Bertrand Tavernier
92%
1976 Que la fête commence... Bertrand Tavernier
92%
2023 En corps Cédric Klapisch
92%
2003 L'Auberge espagnole Cédric Klapisch
92%
1997 Un air de famille Cédric Klapisch
92%
1996 Nelly et Monsieur Arnaud Claude Sautet
92%
1993 Un cœur en hiver Claude Sautet
92%
1981 Un mauvais fils Claude Sautet
92%
1979 Une histoire simple Claude Sautet
92%
2020 Hors normes Eric Toledano et Olivier Nakache
92%
2018 Le sens de la fête Eric Toledano et Olivier Nakache
92%
2012 Intouchables Eric Toledano et Olivier Nakache
92%
2021 Eté 85 François Ozon
92%
2020 Grâce à Dieu François Ozon
92%
2017 Frantz François Ozon
92%
2013 Dans la maison François Ozon
92%
2003 Huit femmes François Ozon
92%
2002 Sous le sable François Ozon
92%
1994 Les Visiteurs Jean-Marie Poiré
92%
1992 Van Gogh Maurice Pialat
92%
1988 Sous le soleil de Satan Maurice Pialat
92%
1984 A nos amours Maurice Pialat
92%
1997 RidiculeCapitaine Conan Patrice LeconteBertrand Tavernier
92%
1986 Sans toit ni loi Agnès Varda
88%
2008 Un secret Claude Miller
88%
2004 La Petite Lili Claude Miller
88%
1989 La Petite Voleuse Claude Miller
88%
1986 L'Effrontée Claude Miller
88%
1982 Garde à vue Claude Miller
88%
1978 Dites-lui que je l'aime Claude Miller
88%
1977 La Meilleure Façon de marcher Claude Miller
88%
2022 Aline Valérie Lemercier
88%
2020 Roubaix, une lumière Arnaud Desplechin
84%
2016 Trois souvenirs de ma jeunesse Arnaud Desplechin
84%
2014 Jimmy P. (Psychothérapie d'un Indien des Plaines) Arnaud Desplechin
84%
2009 Un conte de Noël Arnaud Desplechin
84%
2005 Rois et Reine Arnaud Desplechin
84%
1996 La Cérémonie Claude Chabrol
84%
1989 Une affaire de femmes Claude Chabrol
84%
2023 La Nuit du 12 Dominik Moll
84%
2001 Harry, un ami qui vous veut du bien Dominik Moll
84%
2022 Annette Leos Carax
84%
2013 Holy Motors Leos Carax
84%
2018 Barbara Mathieu Amalric
84%
2011 Tournée Mathieu Amalric
84%
2020 La Belle Epoque Nicolas Bedos
84%
2017 Mal de pierres Nicole Garcia
84%
1999 Place Vendôme Nicole Garcia
84%
1995 Le Fils préféré Nicole Garcia
84%
1976 Le Vieux Fusil Robert Enrico
84%
1998 Le Cousin Alain Corneau
80%
1992 Tous les matins du monde Alain Corneau
80%
1990 Nocturne indien Alain Corneau
80%
2020 Portrait de la jeune fille en feu Céline Sciamma
80%
2015 Bande de filles Céline Sciamma
80%
1994 Germinal Claude Berri
80%
1991 Uranus Claude Berri
80%
1987 Jean de Florette Claude Berri
80%
1984 Tchao Pantin Claude Berri
80%
1986 Trois hommes et un couffin Coline Serreau
80%
2003 Amen. Costa-Gavras
80%
1980 Clair de femme Costa-Gavras
80%
2006 L'Enfant Jean-Pierre et Luc Dardenne
80%
1996 Gazon maudit Josiane Balasko
80%
1988 Au revoir les enfants Louis Malle
80%
2013 Camille redouble Noémie Lvovsky
80%
2002 Intimité Patrice Chéreau
80%
1999 Ceux qui m'aiment prendront le train Patrice Chéreau
80%
1995 La Reine Margot Patrice Chéreau
80%
2017 Juste la fin du monde Xavier Dolan
80%
1999 Le Dîner de cons Françis Veber
76%
1987 37°2 le matin Jean-Jacques Beineix
76%
2022 Titane Julia Ducournau
76%
2018 Grave Julia Ducournau
76%
2023 L'Innocent Louis Garrel
76%
2017 Elle Paul Verhoeven
76%
2017 Ma Loute Bruno Dumont
72%
1996 Le bonheur est dans le pré Etienne Chatiliez
72%
1980 Don Giovanni Joseph Losey
72%
1977 Monsieur Klein Joseph Losey
72%
2024 Anatomie d'une chute Justine Triet
72%
2020 Les Misérables Ladj Ly
72%
2015 Sils Maria Olivier Assayas
72%
2011 Carlos Olivier Assayas
72%
2005 36 Quai des Orfèvres Olivier Marchal
72%
2000 Vénus Beauté (Institut) Tonie Marshall
72%
2012 Pater Alain Cavalier
68%
1987 Thérèse Alain Cavalier
68%
2023 Pacifiction : Tourment sur les Îles Albert Serra
68%
1983 Danton Andrzej Wajda
68%
2004 Les Invasions Barbares Denys Arcand
68%
2016 La Tête Haute Emmanuelle Bercot
68%
1984 Le Bal Ettore Scola
68%
2004 Bon Voyage Jean-Paul Rappeneau
68%
1996 Le Hussard sur le toit Jean-Paul Rappeneau
68%
1991 Cyrano de Bergerac Jean-Paul Rappeneau
68%
1976 Le Sauvage Jean-Paul Rappeneau
68%
2000 La Maladie de Sachs Michel Deville
68%
1989 La Lectrice Michel Deville
68%
1986 Péril en la demeure Michel Deville
68%
1979 Le Dossier 51 Michel Deville
68%
2012 La guerre est déclarée Valérie Donzelli
68%
2015 Timbuktu Abderrahmane Sissako
64%
2023 Novembre Cédric Jimenez
64%
2022 BAC Nord Cédric Jimenez
64%
1985 Les Nuits de la pleine lune Eric Rohmer
64%
1983 Une chambre en ville Jacques Demy
64%
1992 La Belle Noiseuse Jacques Rivette
64%
1978 Cet obscur objet du désir Luis Bunuel
64%
2000 Est-Ouest Régis Wargnier
64%
1993 Indochine Régis Wargnier
64%
2014 Le Passé Asghar Farhadi
60%
1979 L'Argent des autres Christian de Chalonge
60%
1995 Trois couleurs : Rouge Krzysztof Kieslowski
60%
1994 Trois couleurs : Bleu Krzysztof Kieslowski
60%
2010 Welcome Philippe Lioret
60%
2007 Je vais bien, ne t'en fais pas Philippe Lioret
60%
2024 Je verrai toujours vos visages Jeanne Herry
56%
2019 Pupille Jeanne Herry
56%
2010 Rapt Lucas Belvaux
56%
2004 Après la vieCavale Un couple épatant Lucas Belvaux
56%
1998 Marius et Jeannette Robert Guédiguian
56%
2015 Saint Laurent Bertrand Bonello
52%
1993 Les Nuits fauves Cyril Collard
52%
2000 Les Enfants du marais Jean Becker
52%
1984 L'Eté meurtrier Jean Becker
52%
2009 Entre les murs Laurent Cantet
52%
2008 La Môme Olivier Dahan
52%
2011 Des hommes et des dieux Xavier Beauvois
52%
2006 Le Petit Lieutenant Xavier Beauvois
52%
2022 Illusions perdues Xavier Giannoli
52%
2016 Marguerite Xavier Giannoli
52%
2010 A l'origine Xavier Giannoli
52%
2012 Le Havre Aki Kaurismäki
48%
2025 Miséricorde Alain Guiraudie
48%
2014 L'Inconnu du lac Alain Guiraudie
48%
2024 Le Procès Goldman Cédric Kahn
48%
2021 Les Choses qu'on dit, les choses qu'on fait Emmanuel Mouret
48%
2009 L'Instinct de mortl'Ennemi public n° 1 Jean-François Richet
48%
2025 Le Comte de Monte-Cristo Matthieu Delaporte et Alexandre de La Patelliere
48%
2018 120 Battements par minute Robin Campillo
48%
2015 Eastern Boys Robin Campillo
48%
1983 La Balance Bob Swaim
44%
2005 Les Choristes Christophe Barratier
44%
1999 La Vie rêvée des anges Erick Zonca
44%
1991 Le Petit Criminel Jacques Doillon
44%
1980 La Drôlesse Jacques Doillon
44%
1988 Le Grand Chemin Jean-Loup Hubert
44%
1982 Une étrange affaire Pierre Granier-Deferre
44%
2019 En liberté ! Pierre Salvadori
44%
1979 Molière Ariane Mnouchkine
40%
2022 L'Evenement Audrey Diwan
40%
1993 Le petit prince a dit Christine Pascal
40%
1990 Valmont Milos Forman
40%
2007 Lady Chatterley Pascale Ferran
40%
2022 Onoda, 10 000 nuits dans la jungle Arthur Harari
36%
2013 Les Adieus à la reine Benoît Jacquot
36%
2001 Les Blessures assassines Jean-Pierre Denis
36%
2007 Indigènes Rachid Bouchareb
36%
2016 La Loi du marché Stéphane Brizé
36%
2013 Quelques heures de printemps Stéphane Brizé
36%
2024 Le Règne animal Thomas Cailley
36%
2015 Les Combattants Thomas Cailley
36%
2015 Hippocrate Thomas Lilti
36%
2024 L'Eté dernier Catherine Breillat
32%
2002 La Chambre des officiers François Dupeyron
28%
2012 L'Exercice de l'Etat Pierre Schoeller
28%
1978 Le Crabe-tambour Pierre Schoendoerffer
28%
2018 Petit Paysan Hubert Charuel
24%
2008 Le Scaphandre et le Papillon Julian Schnabel
24%
2003 Être et avoir Nicolas Philibert
24%
2001 Saint-Cyr Patricia Mazuy
24%
2019 Jusqu'à la garde Xavier Legrand
24%
2017 Les Innocentes Anne Fontaine
20%
2025 L'Histoire de Souleymane Boris Lojkine
20%
1998 Western Manuel Poirier
20%
2009 Le Premier Jour du reste de ma vie Rémi Bezançon
20%
2021 Adolescentes Sébastien Lifshitz
20%
2019 La Douleur Emmanuel Finkiel
16%
1985 Carmen Francesco Rosi
16%
2017 Divines Houda Benyamina
16%
2009 Séraphine Martin Provost
16%
2016 Mustang Deniz Gamze Ergüven
12%
1999 Taxi Gérard Pières
12%
2010 Le Concert Radu Mihaileanu
12%
2006 Va, vis et deviens Radu Mihaileanu
12%
Aucun quiz correspondant
Distribution des résultats
% des personnes avec chaque résultat
Percentile par nombre de réponses
Votre historique - résultats
Vous n’avez pas pris ce quiz depuis la dernière actualisation